[Event "PNWCC-Bulgaria Memorial Day"]
[Site "Chess.com INT"]
[Date "2022.05.28"]
[Round "?"]
[White "Tiglon, Bryce"]
[Black "Ninov, Nikolai"]
[Result "1/2-1/2"]
[WhiteElo "2382"]
[BlackElo "2418"]
[PlyCount "59"]
[EventDate "2022.05.28"]
[EventType "team-match"]
[EventRounds "6"]
[EventCountry "USA"]
[SourceTitle "EXT 2024"]
[Source "ChessBase"]
[SourceDate "2023.10.10"]
[SourceVersion "1"]
[SourceVersionDate "2023.10.10"]
[SourceQuality "1"]
[WhiteTeam "PNWCC"]
[BlackTeam "Bulgaria"]
[WhiteTeamCountry "USA"]
[BlackTeamCountry "BUL"]

1. d4 Nf6 2. c4 e6 3. Nf3 b6 4. g3 Ba6 5. b3 b5 6. Qc2 bxc4 7. bxc4 c5 8. d5 exd5 9. cxd5 Bb7 10. e4 Qe7 11. Nbd2 Bxd5 12. Bg2 Bxe4 13. Nxe4 Qxe4+ 14. Qxe4+ Nxe4 15. Ng5 f5 16. Nxe4 fxe4 17. Bxe4 Nc6 18. 0-0 0-0-0 19. Rd1 Kc7 20. Bb2 h5 21. Rd2 h4 22. Rad1 hxg3 23. hxg3 Rh6 24. Bc3 d6 25. Rb2 Re6 26. Bd5 Ree8 27. Bf7 Re7 28. Bd5 Ree8 29. Bf7 Re7 30. Bd5 1/2-1/2

[Event "Ayvalik Yunus Gp-A"]
[Site "Ayvalik"]
[Date "2022.05.04"]
[Round "7"]
[White "Ozsakallioglu, Okan"]
[Black "Ninov, Nikolai"]
[Result "1/2-1/2"]
[WhiteElo "2270"]
[BlackElo "2446"]
[PlyCount "55"]
[EventDate "2022.04.30"]
[EventType "team-schev"]
[EventRounds "9"]
[EventCountry "TUR"]
[SourceTitle "CBM 208 Extra"]
[Source "ChessBase"]
[SourceDate "2022.07.31"]
[SourceVersion "1"]
[SourceVersionDate "2022.07.31"]
[SourceQuality "1"]
[WhiteTeam "Team A"]
[BlackTeam "Team B"]
[WhiteTeamCountry "TUR"]
[BlackTeamCountry "TUR"]

1. e4 c5 2. Nf3 Nc6 3. Bb5 d6 4. 0-0 Bd7 5. Re1 Nf6 6. c3 a6 7. Bf1 Bg4 8. d4 cxd4 9. cxd4 e5 10. d5 Nd4 11. Be3 Be7 12. Bxd4 Bxf3 13. gxf3 exd4 14. Qxd4 Nh5 15. e5 0-0 16. f4 g5 17. fxg5 dxe5 18. Qg4 Nf4 19. Nc3 Qb6 20. Rad1 Qg6 21. h3 Bxg5 22. Rxe5 f5 23. Qg3 Nh5 24. Qg2 Nf4 25. Qg3 Nh5 26. Qg2 Nf4 27. Qg3 Nh5 28. Qg2 1/2-1/2

[Event "Ayvalik Rugzar Gp-A"]
[Site "Ayvalik"]
[Date "2022.04.17"]
[Round "3"]
[White "Ninov, Nikolai"]
[Black "Pastar, Slaven"]
[Result "1-0"]
[WhiteElo "2446"]
[BlackElo "2345"]
[PlyCount "91"]
[EventDate "2022.04.16"]
[EventType "team-schev"]
[EventRounds "9"]
[EventCountry "TUR"]
[SourceTitle "CBM 207 Extra"]
[Source "ChessBase"]
[SourceDate "2022.05.31"]
[SourceVersion "1"]
[SourceVersionDate "2022.05.31"]
[SourceQuality "1"]
[WhiteTeam "Team B"]
[BlackTeam "Team C"]
[WhiteTeamCountry "TUR"]
[BlackTeamCountry "TUR"]

1. e4 e6 2. d4 d5 3. Nc3 Nf6 4. Bg5 dxe4 5. Nxe4 Be7 6. Nxf6+ Bxf6 7. Bxf6 Qxf6 8. Nf3 Bd7 9. c3 Nc6 10. Bb5 0-0 11. 0-0 Rfd8 12. Qe2 Ne7 13. Bd3 Rac8 14. Rad1 Be8 15. Ne5 b6 16. f4 g6 17. g4 c5 18. g5 Qg7 19. Ba6 Rb8 20. dxc5 bxc5 21. Rxd8 Rxd8 22. Qf2 Nd5 23. Qxc5 Qf8 24. Qxf8+ Kxf8 25. Rf2 Ke7 26. Bc4 Ne3 27. Bb3 Bb5 28. Rf3 Nf5 29. Bc2 f6 30. gxf6+ Kxf6 31. a4 Be2 32. Rh3 Rd2 33. Rxh7 Ng7 34. Bxg6 Rxb2 35. h4 Rb3 36. h5 Bxh5 37. Bxh5 Rxc3 38. Nd7+ Kf5 39. Rxg7 Kxf4 40. Nf8 e5 41. Rg4+ Kf5 42. Rb4 a5 43. Bg6+ Kg5 44. Re4 Kf6 45. Rg4 Ke7 46. Nh7 1-0

[Event "BUL-chT Rapid"]
[Site "Kiten"]
[Date "2021.06.20"]
[Round "5.1"]
[White "Ninov, Nikolai"]
[Black "Chatalbashev, Boris"]
[Result "1/2-1/2"]
[WhiteElo "2467"]
[BlackElo "2530"]
[PlyCount "95"]
[EventDate "2021.06.20"]
[EventType "team-tourn (rapid)"]
[EventRounds "7"]
[EventCountry "BUL"]
[SourceTitle "CBM 203 Extra"]
[Source "ChessBase"]
[SourceDate "2021.09.30"]
[SourceVersion "1"]
[SourceVersionDate "2021.09.30"]
[SourceQuality "1"]
[WhiteTeam "Pazardzhik"]
[BlackTeam "Razgrad Abritus"]
[WhiteTeamCountry "BUL"]
[BlackTeamCountry "BUL"]

1. e4 g6 2. d4 Bg7 3. Nc3 d5 4. exd5 Nf6 5. Bc4 Nbd7 6. Bg5 Nb6 7. Bxf6 Bxf6 8. Bb3 0-0 9. Nge2 a5 10. a3 a4 11. Ba2 c6 12. dxc6 bxc6 13. 0-0 Ba6 14. Ne4 Bxe2 15. Nxf6+ exf6 16. Qxe2 Qxd4 17. c3 Qc5 18. Rad1 Rae8 19. Qf3 Kg7 20. Rd4 Re5 21. g3 Rfe8 22. Rf4 f5 23. Qd3 Qb5 24. Qxb5 Rxb5 25. Rb4 Re2 26. Rb1 Rc2 27. h4 h6 28. Kg2 g5 29. hxg5 hxg5 30. Kf3 Nd7 31. Rxb5 cxb5 32. Ke3 Kf6 33. f3 Ne5 34. Bd5 Ke7 35. f4 Ng4+ 36. Kd3 Rg2 37. fxg5 Rxg3+ 38. Kd4 Kd6 39. c4 bxc4 40. Bxc4 Ne5 41. Bb5 Rxg5 42. Rf1 f6 43. Kc3 Rg3+ 44. Kb4 Rb3+ 45. Kxa4 Rxb2 46. Rxf5 Kc5 47. Rxf6 Rxb5 48. Rc6+ 1/2-1/2

[Event "BUL-chT 70th"]
[Site "Primorsko"]
[Date "2020.09.11"]
[Round "4.2"]
[White "Stoyanov, Tsvetan"]
[Black "Ninov, Nikolai"]
[Result "1/2-1/2"]
[WhiteElo "2389"]
[BlackElo "2466"]
[PlyCount "92"]
[EventDate "2020.09.09"]
[EventType "team-tourn"]
[EventRounds "7"]
[EventCountry "BUL"]
[SourceTitle "CBM 198 Extra"]
[Source "ChessBase"]
[SourceDate "2020.11.30"]
[SourceVersion "1"]
[SourceVersionDate "2020.11.30"]
[SourceQuality "1"]
[WhiteTeam "Plovdiv Chess Bomb"]
[BlackTeam "Pazardzhik"]
[WhiteTeamCountry "BUL"]
[BlackTeamCountry "BUL"]

1. e4 c5 2. Nf3 d6 3. d4 cxd4 4. Qxd4 Nc6 5. Qe3 g6 6. c4 Bg7 7. Nc3 Nf6 8. Be2 Qb6 9. h3 Qxe3 10. Bxe3 Nd7 11. Nd5 0-0 12. 0-0-0 Nf6 13. Nc3 b6 14. Nd4 Nxd4 15. Bxd4 Bb7 16. Bd3 Bh6+ 17. Kb1 e5 18. Be3 Bxe3 19. fxe3 Rfc8 20. b3 Kf8 21. Rhf1 Ke7 22. Rf2 Nd7 23. Bc2 Rd8 24. Kb2 h5 25. b4 a6 26. Ba4 Rac8 27. Rdf1 f6 28. Kb3 Bc6 29. Bxc6 Rxc6 30. Nd5+ Kf7 31. Nxf6 Kg7 32. Ne8+ Kh6 33. Rf7 Nc5+ 34. bxc5 Rxe8 35. cxb6 Rxb6+ 36. Kc3 Rc8 37. Rf8 Rc5 38. h4 Rbc6 39. R1f7 Rxc4+ 40. Kd3 Rc3+ 41. Ke2 Rc8 42. Rxc8 Rxc8 43. Kd3 Rc5 44. Rd7 Ra5 45. Rxd6 Rxa2 46. g3 Ra3+ 1/2-1/2